[Event "WA State Championship (Championship)"]
[Site "Redmond, WA"]
[Date "2024.02.19"]
[Round "9"]
[White "Vemparala, Nikash"]
[Black "He, Daniel"]
[Result "0-1"]
[WhiteElo "2220"]
[BlackElo "2318"]
[Annotator "Daniel He"]
[PlyCount "64"]
[EventDate "2024.02.10"]
[EventType "tourn"]
[EventCountry "USA"]

{[%evp 0,64,19,19,53,33,33,60,74,11,27,41,34,31,37,10,16,34,0,1,1,-10,1,-49,-36,-59,-54,-46,-33,-72,-54,-73,-82,-113,-115,-121,-117,-182,-135,-136,-128,-143,-122,-97,-110,-238,-239,-260,-152,-210,-230,-352,-278,-296,-402,-405,-469,-666,-705,-1147,-1226,-1119,-1026,-1193,-1271,-1599,-1659] I was in a 4-way tie for first before this final round game, which meant this was a must-win game to ensure at least shared first.} 1. e4 c5 2. Nf3 Nc6 3. Bb5 Nf6 {A sideline of the Rossolimo behind the main moves 3. g6 and 3. e6. My plan for the opening is to get out of mainline theory early and keep pieces on the board for a complicated battle!} 4. Bxc6 dxc6 5. d3 Qc7 6. e5 (6. O-O e5 {The solid type of position I was expecting and a long game ahead.}) 6... Nd5 7. h3 h6 {With intention of giving my light squared bishop a retreat square on h7 but also the subtle idea of meeting 8.0-0 with g5!? now that White has created a hook pawn on h3.} 8. Nbd2 (8. O-O g5 $1 {Engines will still evaluate this position as equal, but practically White has all of the difficult decisions to make to avoid getting busted on the kingside.}) 8... Bf5 9. Ne4 O-O-O {A very imbalanced position. White has the better structure temporarily while Black has the bishop pair. The game revolves around Black's ability to open up the light squares with c4. This would solve the doubled c-pawn issue and open up the central light squares while White is missing his light squared bishop.} 10. Ng3 (10. Nxc5 {Of course the c5 pawn is poison} Qa5+) 10... Bh7 11. O-O $6 {[%cal Gc5c4] White forgets about c4, which blasts open the light squares} (11. b3 {This prevents my c4 idea but looks quite passive} g5 12. Bb2 Rg8 {It's hard to say which side of the board White's king is safest at}) 11... c4 12. a3 (12. d4 {This move would solidify White's position if not for my next move:} Nb4 $1 {My light squared bishop is living the dream on h7 uncontested.} 13. Ne1 c5) 12... cxd3 13. cxd3 g5 14. d4 f5 $5 {Now White has to make a critical decision: Allow another pawn in the pawnstorm or en passant and have no way in for his knights? Neither seemed ideal to White} (14... Rg8 {Rg8 was my initial idea but I noticed White's e6 pawn sac is annoying and takes full control over the e5 square} 15. e6 fxe6 16. Ne5 {There's no need to allow unnecessary complications here}) 15. exf6 exf6 16. Qa4 Kb8 17. Bd2 h5 {Preparing the deadly g4 break on light squares} 18. Rfc1 (18. Nxh5 Be4) 18... Rc8 $6 {A bit too compliant. I did not want to get provoked to play b6 after Ba5, but turns out I can continue my pawnstorm and retreat with Nb6 to keep the queenside pawn structure intact} (18... g4 $1 19. Ba5 Nb6 20. Bxb6 Qxb6 {Completely winning}) 19. Ba5 Qd7 {Consistent with Rc8. b6 is objectively as strong but is less practical due to White's increased pressure on the c6 pawn base.} 20. Nd2 h4 {As a common theme regarding pawn breaks, it is important to play h4 before g4. If g4 first, h4 successfully locks up the kingside.} (20... g4 $2 21. h4) 21. Nge4 g4 {Forcing a pawn break, ensuring the g-file will open up} 22. Qb3 gxh3 23. Qxh3 Bf5 24. Qh2+ Ka8 25. Bb4 Bh6 {It's not easy for White to deal with the deadly threat of Bf4} 26. Bd6 (26. Qd6 Qg7 {Unfortunately for White, he still has no major threats while his kingside is bare.}) 26... h3 $1 {White is forced to either allow hxg2 or shut his queen out of the game on h2} 27. Nc5 Qf7 28. Nc4 Bxc1 29. Rxc1 hxg2 30. Qxg2 Rcg8 {Now many moves will win, but I find the most forcing and fanciest sequence} 31. Bg3 Nf4 32. Qf3 Qh7 $1 {White resigns as the knight on f4 can't be taken, and the threat of Qh2+ followed by Qh1 mate is unstoppable. A picturesque final position!} 0-1

[Event "WA State Championship (Premier)"]
[Site "Redmond, WA"]
[Date "2024.02.18"]
[Round "7"]
[White "Zhou, David"]
[Black "Whale, Nicholas"]
[Result "0-1"]
[WhiteElo "2080"]
[BlackElo "2072"]
[Annotator "David Zhou"]
[PlyCount "130"]
[EventDate "2024.02.10"]
[EventType "tourn"]
[EventCountry "USA"]

{[%evp 0,130,22,22,20,-20,37,29,16,9,27,13,8,8,8,13,14,18,24,26,25,20,20,30,28,25,48,11,17,19,28,26,25,18,25,25,18,20,36,42,28,38,37,43,66,64,141,16,108,-10,-10,-21,-28,-29,73,104,57,72,74,76,95,39,90,95,128,140,140,62,62,58,38,58,37,34,45,45,45,11,5,0,0,0,0,-15,-51,-40,-44,-49,-56,-77,-71,-26,-24,-37,-17,-56,-22,-22,-25,-62,-10,-27,-24,-31,-7,-31,-47,-81,-76,-85,-92,-151,-153,-305,-69,-57,-96,-210,-216,-216,-329,-328,-328,-328,-328,-328,-346,-515,-525,-525,-525,-525,-525] With three rounds to spare, I was trailing the leader (Vihaan) by half a point. We had already faced off in the first round, so my best chance of overtaking him in the standings was to play each of these final games for a win.} 1. d4 d5 {I had been hoping for a sharp and unbalanced position in the Dutch Defense, but my opponent deviates on the very first move from his round 4 game in which he quickly got a bad position.} 2. c4 c6 3. Nf3 Nf6 4. e3 Bf5 5. Nc3 e6 6. Nh4 {Hunting for the bishop pair should yield a stable advantage.} Bg6 7. Be2 {There is no rush to exchange on g6 as the bishop has no squares to retreat to.} Nbd7 8. O-O Bd6 9. g3 O-O 10. Nxg6 {This is a sensible time to finally capture the bishop as Black can no longer hope to open the h-file on my castled king.} hxg6 11. Qb3 Qb6 (11... b6 {Defending the pawn while keeping the queen on d8 should not change the nature of the position. I intended to continue as in the game with normal developing moves.} 12. Bd2 Rc8 13. Bf3 {White has ideas of eventually opening the center with e4 for the bishops.}) 12. Bd2 {My plan is to slowly develop and open the position for the bishops once all my pieces are mobilized.} Rfe8 13. Rac1 Rac8 14. Rfd1 {Now that I've centralized my rooks, I can consider Qc2 next, avoiding the queen trade.} Qxb3 {Black goes for the trade, but White maintains a nagging edge in the queenless middlegame.} 15. axb3 a6 {Black is very solid on the queenside due to my doubled b-pawns, so the break I should be playing for is e4.} 16. Bf3 {First, I must prevent Black's own breaks (...c5 and ...e5, which would activate his pieces before I manage to fully coordinate.} Red8 17. Kg2 (17. g4 {is a tempo faster than the game, but I can afford to play slowly as Black doesn't have real counterplay.} Bc7 18. g5 Nh7 19. h4 $16) 17... Bc7 (17... g5 $1 {Black should have prevented my plan of dislodging the Nf6 with g4-g5.}) 18. g4 $5 {Intending to push the knight away to prepare the e4-break.} (18. h4 $1 {Without this preparatory move, Black will retain the possibility of preventing the advance of the g-pawn with g6-g5.}) 18... Nb6 $6 (18... g5 $1 {I can still break in the center with e4, but the liquidation of a pair of knights will allow Black to more or less maintain equality.}) 19. g5 $1 {This is the point of White's last few moves.} Nh7 (19... Ne8 $6 {If Black does not gain a tempo by attacking g5, I can address the threat to c4 with} 20. Na4 Nxa4 {Otherwise Nc5 will be annoying for Black to deal with.} 21. bxa4 {And after undoubling my pawns, I can play for a queenside break with b4-b5.}) 20. c5 Nd7 21. e4 {Finally getting my desired break in.} f6 $2 22. h4 {White retains a sizeable advantage here with all of Black's pieces passive.} (22. exd5 $1 {We had both missed this strong piece sac which would leave White with a massive center of passed pawns.} exd5 23. Nxd5 cxd5 24. Bxd5+ Kh8 25. Bxb7 Rb8 26. Bxa6 Rxb3 27. d5 $1 {Despite the nominally equal material, White is winning. The unopposed duo of pawns will likely cost Black two minor pieces.}) 22... Rf8 $2 {My opponent is intending to activate his knight by trading on g5 and playing ... Bf4, removing the only defender of the cramping g5-pawn.} 23. Rf1 $5 {Not fearing his Bf4 idea, I intended to simply strengthen my position and prepare a later f2-f4.} (23. exd5 $1 {This move still works here, but again we both overlooked the strength of the knight sac.} exd5 24. Nxd5 cxd5 25. Bxd5+ Kh8 26. Bxb7 Rb8 27. Bd5 $18) 23... fxg5 $6 24. hxg5 $2 {The start of a miscalculated line.} (24. Bg4 $1 {is the correct move order to keep the Nh7 out of play.} Rce8 25. hxg5 Bf4 26. Bxf4 Rxf4 27. Kg3 $1 {f4 will come next and Black is strategically lost.}) 24... Bf4 25. Bxf4 Rxf4 26. Ne2 Rxf3 {My opponent said after the game he felt lucky to have this resource after missing Ne2 in his calculation, but there was also a saving move on move 28 that would prevent the dark square clamp after the simple rook retreat to f8.} (26... Rff8 {We both thought this didn't work for Black, but he has a surprising resource.} 27. Bg4 {This was the point of my calculation starting on move 23. I move the bishop with tempo and will clamp down with f4.} Rce8 $2 (27... Nxg5 $1 28. f4 Nf6 $1 {and with no good retreat square for the bishop, I must bail out into an equal rook and knight endgame.} 29. fxg5 Nxg4 30. Kg3 Rxf1 31. Rxf1 Ne3 32. Rf3 Nc2 33. Rc3 Nb4 34. e5 $11 {With such a closed position, neither side will be able to make any progress and Black's extra pawn will not count for anything.}) 28. f4 $16) 27. Kxf3 Nxg5+ 28. Ke3 Nxe4 (28... dxe4 $1 {This counterintuitive move would keep Black's knights more active.} 29. Rg1 Nf3 30. Rxg6 Kf7 31. Rg3 Nf6 32. Nc3 {Black would have to see this next critical move to confidently enter this line, however.} Nh4 $1 $11 {Black's active knights help him maintain equality.}) 29. f3 Nef6 30. Nf4 Kf7 (30... g5 31. Nd3 Re8 32. Rg1 e5 33. Rxg5 $14) 31. Rg1 (31. Nd3 $5 {This was also an idea to clamp down on Black's only active break.} Re8 32. f4 Ne4 {with no activity for Black} 33. Ne5+ Nxe5 34. fxe5+ Kg8 35. Rf3 {White will continue to push, but Black's strong knight and two passed pawns offer good compensation.}) 31... e5 $2 {Black seeks activity for his rook, but the open files will only help White if I respond correctly.} 32. Nxg6 Re8 33. dxe5 $2 {A poor trade: I exchange my active knight and Black gets activity for his remaining pieces.} (33. Rc2 $1 {[%cal Gc2g2] and Black is paralyzed. I can continue improving my position with Rcg2 next if Black does nothing.} exd4+ 34. Kxd4 $18) 33... Nxe5 34. Nxe5+ Rxe5+ 35. Kf2 Rf5 36. Ke3 Re5+ 37. Kd3 $6 {Of course, declining the repetition.} (37. Kd2 $1 {This would have been a better square for the king, preventing any tempi being gained by Nd7xc5+ or Nd7-e5+.} Rf5 38. Rcf1 (38. Rg3 Nh5 39. Rh3 Nf4 40. Rh8 Ne6 41. Rb8 $16) 38... Nd7 39. b4 Ne5 $6 40. f4 $1 Nc4+ 41. Kc3 $18) 37... Rf5 38. Rcf1 $6 (38. Ke2 $1 Re5+ 39. Kd2 {This was a chance to put the king back on the right square.}) 38... Nd7 $1 {I had missed how strong the knight would become after landing on c4.} 39. b4 Ne5+ 40. Kc2 $6 {This move tries to hold on to my b-pawns, but Black will soon win the f-pawn, after which I would benefit greatly from having my king in front of his g-pawn.} (40. Ke3 $1 {It was more prudent to give up the b-pawn and play for equality here.} Nc4+ 41. Ke2 Re5+ (41... Nxb2 $6 42. f4 $1 {locks the rook out.}) 42. Kf2 Nxb2 43. Rb1 Nd3+ 44. Kg3 Rg5+ 45. Kh4 {This is the move I had calculated in-game.} (45. Kh2 $11 {This would have been much simpler to prove equality, intending to recapture g1 with the king.}) 45... Rxg1 46. Rxg1 Nxb4 47. Rb1 $1 a5 {This looked about equal to me during the game, but I would have needed to find the precise} 48. Kg5 $1 $11 {and neither side can made inroads.} (48. Ra1 $4 Nd3 49. Rxa5 Kf6 {and it is White who will run out of moves as Black infiltrates the center.})) 40... Rf4 $1 {Given the chance, I will play f4 to keep his rook passive.} (40... Nxf3 $6 41. Kd1 $1 {White will be able to trade off a pair of rooks and gain counterplay against b7.}) 41. Kb3 Kf6 $1 (41... Nxf3 $6 42. Ka4 $1 {White will again be able to trade off a pair of rooks with Rg3 here.}) 42. Rh1 {White's best try is to infiltrate and gain counterplay against b7.} (42. Rg3 $2 {is bad since after the simple} g5 {, Black will soon win f3 and push the g-pawn to victory.}) 42... Nxf3 43. Ka4 $1 {It's important to get closer to threatening counterplay on the b7-pawn while sidestepping the fork.} g5 44. Rh7 g4 45. Rf2 $1 {played to prevent g4-g3.} Kf5 (45... g3 $2 46. Rg2 Rg4 47. Rh3 {and Black will struggle after losing the g-pawn.}) 46. Rxb7 Ne5 47. Re2 Re4 48. Rf2+ Rf4 49. Re2 {I don't seem to have much more than a repetition given Black's strong passed g-pawn, but I was hoping my opponent would play on and that I may have a chance to take over at a later point.} d4 {He obliges and we have a game. Unfortunately, it's White who is walking the knife's edge in this position.} 50. Re7 Re4 51. Rf2+ Nf3 52. Rf7+ $8 {My only move is to bail out into a rook ending, but I burned too much of my remaining time trying to calculate out all the details. Since we had already reached sudden death, this would come back to haunt me in the next few moves.} Ke5 53. R2xf3 (53. Ka5 $4 d3 54. Kxa6 d2 $19) 53... gxf3 54. Rxf3 Re2 55. Ka5 $4 {The first of three mistakes borne out of time pressure.} (55. Rf8 $1 {Immediately placing my rook behind the passed d-pawn was the simplest way to draw.} Rxb2 56. Rd8 Ke4 57. Rd6 $11 {I will then seek my own counterplay with my c-pawn.}) 55... Rxb2 56. Kb6 $5 {Of course not taking a6 when Black has an easy win after ...Rxb4.} Rxb4+ $4 {Black blunders the draw back.} (56... Ke4 $1 57. Rf8 Rxb4+ 58. Kxc6 d3 $19 {and Black will queen.}) 57. Kxc6 Ke4 58. Ra3 $4 {The second and final decisive mistake in time pressure.} (58. Rh3 $1 {[%cal Gh3h4] Combining the idea of lateral checks with pushing the c-pawn draws.} Rc4 (58... Rb1 59. Rh4+ Ke3 60. Kd5 d3 61. Rh3+ Ke2 62. Rh2+ $11 {White will continue checking until Black steps in front of the d-pawn, at which point, he can push the c-pawn.}) 59. Kb6 d3 60. Rh4+ Kd5 61. Rxc4 Kxc4 62. c6 $11) 58... Rc4 $1 {After this move, I can only hope to bail out to a queen vs rook ending.} 59. Rxa6 d3 60. Kb5 $5 d2 61. Kxc4 d1=Q 62. Re6+ Kf5 63. Rd6 $2 {Running my clock down on move 52 costs me a final time as I choose the wrong square for my rook.} (63. Rb6 $5 {Black is theoretically winning in this position, but must continue to grind to prove the full point. One thing to note is that if I manage to advance the pawn to the sixth rank, I have very good drawing chances.} Qa4+ 64. Kd5 Qe4+ 65. Kd6 Qe6+ 66. Kc7 Qe7+ (66... Qe3 $4 {This move for instance would let me set up a fortress.} 67. c6 Qe7+ 68. Kb8 Qd8+ 69. Kb7 Qd5 70. Kb8 Qd8+ 71. Kb7 Qd5 $11) 67. Kc6 Ke5 68. Kb5) 63... Qa4+ $1 {The c-pawn falls and with it the game.} 64. Kc3 (64. Kd5 Qe4#) 64... Ke5 65. Rd3 Qb5 {A hard-fought game where my opponent showed incredible tenacity in a worse position to keep counterplay and his own winning chances alive. With prescience of the remaining two rounds and final standings, I would have accepted the repetition on move 37 and won the Premier section a clear half point ahead of the field. Alas, both my opponent and I would go on to win our round 8 and 9 games, leaving me half a point behind him in the final standings. A big congratulations to Nicolas for a clutch finish to secure the win in our section.} 0-1

[Event "WA State Championship (Invitational)"]
[Site "Redmond, WA"]
[Date "2024.02.10"]
[Round "1"]
[White "Thomas, Damarcus"]
[Black "Airapetian, Chouchanik"]
[Result "1-0"]
[WhiteElo "1910"]
[BlackElo "1945"]
[Annotator "Damarcus Thomas"]
[PlyCount "119"]
[EventDate "2024.02.10"]
[EventType "tourn"]
[EventCountry "USA"]

{[%evp 0,114,20,19,22,20,22,14,25,7,13,11,32,-6,14,19,9,15,15,-12,2,-13,17,28,11,26,29,26,38,33,24,31,31,15,21,12,27,8,60,48,75,46,29,39,12,27,-13,-14,96,87,95,85,87,87,109,116,263,236,278,305,321,317,318,286,318,207,228,238,244,248,253,254,258,248,290,290,354,354,359,373,371,377,384,393,386,387,380,341,364,390,402,394,401,419,431,398,431,431,450,401,550,503,654,661,656,687,722,765,885,727,718,791,853,807,912,1036,1061]} 1. e4 e5 2. Nf3 Nc6 3. Bb5 a6 4. Ba4 Nf6 5. O-O Nxe4 {I was surprised that my opponent took on e4, I thought to myself, she just walked into my prep. This is the main line of the Ruy Lopez to me, as I have studied it all my life. I normally play Re1 after Ne4, but I knew that d4 was book and best. And since this is the WA State Championship, I will respect my opponent and play the best that I have....} 6. d4 {I must have sat for about 10-15 minutes trying to recall the whole sequence just in case we stay in book, I think she was impressed that I played d5 confidently eventually and then she blitzed out the next few moves.} b5 7. Bb3 d5 8. dxe5 Be6 9. c3 Be7 10. Nbd2 Nc5 11. Bc2 Bg4 12. h3 Bh5 13. Re1 Bg6 14. Nd4 Qd7 15. Bxg6 hxg6 16. e6 Nxe6 17. Nxe6 fxe6 18. Qg4 Kf7 19. Nf3 Rae8 20. Bf4 Bf6 21. Bg3 Rh5 22. a4 b4 23. cxb4 Bxb2 24. b5 $1 {As I reflect, this was the winning move of the game, the response gave me a permanent advantage.} axb5 25. axb5 Bxa1 26. bxc6 Qxc6 27. Rxa1 Qc3 28. Ra7 Re7 {[#] I had looked deeply into the position at this point, I didn't know I was +5, but I knew how to win.} 29. Ng5+ Rxg5 30. Qxg5 e5 31. Bh4 Rd7 32. Qg4 Qc1+ 33. Kh2 Qf4+ 34. Qxf4+ exf4 35. Bg5 f3 36. g4 d4 37. Kg3 d3 38. Bd2 Ke6 39. Kxf3 Kd5 40. Ke3 Kc4 41. Ra4+ Kc5 42. h4 Rd8 43. g5 c6 44. Ra3 Rh8 45. Ra4 Rd8 46. Bc3 Rd7 47. Re4 Kb5 48. Rd4 Rf7 49. Rxd3 c5 50. f4 Kc4 51. Be5 Rb7 52. Rd6 {My opponent was saddened by this ending, she did tell me with a sheepish grin that it looked like I took my hand off my Rook as I slide it to Rd6, and suggested that I let it off at Rd5 instead, I simply looked back and smiled and said no way.} Rb1 53. Rxg6 Rd1 54. Ke2 Rh1 55. Rxg7 Rxh4 56. g6 Rg4 57. Rg8 Kd5 58. Rd8+ Ke6 59. g7 Kf7 60. Rf8+ 1-0